Statystyki dla Anagramy polskich miast #1

Kliknij tutaj aby rozwiązać quiz!

Ogólne statystyki

  • Ten quiz został rozwiązany 45 razy
  • Średni wynik to 10 z 10

Statystyki odpowiedzi

AnagramOdpowiedź% Poprawnych
ZCZSGDYBOBYDGOSZCZ
100%
KASŃDGGDAŃSK
100%
EIKECLKIELCE
100%
NILUBLLUBLIN
100%
OPŃAZNPOZNAŃ
100%
WAWSZRAAWARSZAWA
100%
OAKTCIEWKATOWICE
97%
WÓRKAKKRAKÓW
97%
KOBYŁASTIBIAŁYSTOK
95%
ODRAMRADOM
95%

Rozkład punktacji

Percentyl według liczby udzielonych odpowiedzi

Procent ludzi z każdym wynikiem

Twoja historia wyników

Nie rozwiązałeś tego quizu